书目信息 |
| 题名: |
旅行社经营管理
|
|
| 作者: | 戴斌 主编 | |
| 分册: | ||
| 出版信息: | 北京 旅游教育出版社 2003.07 |
|
| 页数: | 290页 | |
| 开本: | 23cm | |
| 丛书名: | ||
| 单 册: | ||
| 中图分类: | F590.63 | |
| 科图分类: | ||
| 主题词: | 旅游经济 | |
| 电子资源: | ||
| ISBN: | 7-5637-1109-0 | |
| 000 | 00546nam0 2200193 450 | |
| 001 | 0656099062 | |
| 005 | 20061213153647.28 | |
| 010 | @a7-5637-1109-0@dCNY25.00 | |
| 100 | @a20061213d2003 km y0chiy0120 ea | |
| 101 | 0 | @achi |
| 102 | @aCN@b110000 | |
| 200 | 1 | @a旅行社经营管理@Alu xing she jing ying guan li@f戴斌主编@Fdai bin zhu bian |
| 210 | @a北京@c旅游教育出版社@d2003.07 | |
| 215 | @a290页@d23cm | |
| 606 | 0 | @a旅游经济 |
| 690 | @aF590.63@v3 | |
| 701 | 0 | @a戴斌@Adai bin@4主编 |
| 801 | 0 | @aCN@bNISOFT@c20061213 |
| 905 | @a10447@dF590.63@eD1051 | |
| 旅行社经营管理/戴斌主编.-北京:旅游教育出版社,2003.07 |
| 290页;23cm |
| ISBN 7-5637-1109-0:CNY25.00 |
| ● |
| 相关链接 |
|
|
|
正题名:旅行社经营管理
索取号:F590.63/D1051
 
预约/预借
| 序号 | 登录号 | 条形码 | 馆藏地/架位号 | 状态 | 备注 |
| 1 | 444378 | 204443780 | 管理学院资料室/ [索取号:F590.63/D1051] | 在馆 |